Mapas, planos, croquis y dibujos sobre Cuyo durante el período hispánico 1561 1810
Gespeichert in:
| 1. Verfasser: | |
|---|---|
| Format: | Buch |
| Sprache: | Spanisch |
| Veröffentlicht: |
Mendoza
Ediciones Culturales de Mendoza
1994
|
| Schlagworte: | |
| Tags: |
Tag hinzufügen
Keine Tags, Fügen Sie den ersten Tag hinzu!
|
MARC
| LEADER | 00000nam a2200000 a 4500 | ||
|---|---|---|---|
| 001 | UCR0454 | ||
| 003 | CL-VaPUC | ||
| 008 | 971205e19940000AG |||||||||||||||||spa|d | ||
| 082 | 0 | 4 | |a 980 |b SAN |2 21 |
| 100 | 0 | |a Santos Martínez, Pedro |e author |9 396124 | |
| 245 | 1 | 0 | |a Mapas, planos, croquis y dibujos sobre Cuyo durante el período hispánico 1561 1810 |
| 300 | |a 177 p | ||
| 942 | |c BK | ||
| 945 | |d 19971205 00:00:00 |a rleighto | ||
| 260 | |a Mendoza |b Ediciones Culturales de Mendoza |c 1994 | ||
| 650 | 0 | |a Historia |9 255047 | |
| 650 | 0 | |a Mapas |9 260844 | |
| 650 | 7 | |a PLANOS |2 CL-VaPUC |9 260106 | |
| 650 | 0 | |a Fundación de ciudades |9 396125 | |
| 650 | 7 | |a DESCUBRIMIENTO |2 CL-VaPUC |9 321428 | |
| 650 | 7 | |a COMUNICACIONES |2 CL-VaPUC |9 260778 | |
| 650 | 7 | |a CAMINOS |2 CL-VaPUC |9 260131 | |
| 650 | 0 | |a Puentes |9 268175 | |
| 650 | 7 | |a OBRAS HIDRAULICAS |2 CL-VaPUC |9 396126 | |
| 651 | 0 | |a Argentina |9 254888 | |
| 583 | |a last modification |c 19971205 00:00:00 |k Rodrigo Vera | ||
| 999 | |c 263971 |d 263969 | ||
| 952 | |0 0 |1 0 |4 0 |6 980_000000000000000_SAN_1994 |7 0 |8 A |9 293514 |a BIBHIS |b BIBHIS |d 2019-11-19 |i 3381102 |l 2 |o 980 SAN 1994 |p 3381102 |r 2025-01-20 |s 2024-01-04 |w 2019-11-19 |y BK |k HIS | ||